000 00897nas a2200301 4500
001 BR0806086
003 BR-BrBNA
005 20231205112126.0
007 ta
008 230509b bl.|||p| |||| 00| 00por d
040 _aBR-BrBNA
_bpor
_cBiblioteca Nacional de Agricultura
041 _a(En)
072 _aL70
100 1 _aMaruta, C.A.
100 1 _aLeal, M.L. do R.
100 1 _aNetto, D.M.
100 1 _aAntonelli, A.C.
100 1 _aOrtolani, E.L.
245 1 _aThe measurement of urine pH to predict the amouth of buffer used in the treatment of acute rumen lactic acidosis in cattle
650 _aBOVINO
650 _aURINA
650 _aPH
650 _aÁCIDO LÁTICO
650 _aVETERINÁRIA
773 0 _tCiência Rural (Brazil)
_xISSN 0103-8478
_g(May-Jun 2008), v. 38(3) p. 717-722
_wBR0806086
909 _a202311
_bLúcia
_c55
_dLúcia Elande
942 _2AGRIS
_n0
_cANA
999 _c196220
_d196220